Evaluación de la descentralización municipal en Colombia : (Registro nro. 3963)

Detalles MARC
000 -LEADER
fixed length control field 00948nam a2200217Ia 4500
003 - CONTROL NUMBER IDENTIFIER
control field OSt
005 - DATE AND TIME OF LATEST TRANSACTION
control field 20210115112444.0
008 - FIXED-LENGTH DATA ELEMENTS--GENERAL INFORMATION
fixed length control field 191128s2002 ck ad fr 000 0 spa d
020 ## - INTERNATIONAL STANDARD BOOK NUMBER
International Standard Book Number 8025419
Qualifying information v.4
040 ## - CATALOGING SOURCE
Original cataloging agency CO-JMCR
Transcribing agency CO-JMCR
041 0# - LANGUAGE CODE
Language code of text/sound track or separate title spa
082 04 - DEWEY DECIMAL CLASSIFICATION NUMBER
Classification number 352.283 /
Item number S471e
Edition number 23
110 2# - MAIN ENTRY--CORPORATE NAME
Corporate name or jurisdiction name as entry element Seminario internacional de la descentralización en Colombia
Date of meeting or treaty signing (2000 :
9 (RLIN) 9617
Location of meeting Bogotá)
245 10 - TITLE STATEMENT
Title Evaluación de la descentralización municipal en Colombia :
Remainder of title balance de una década /
Statement of responsibility, etc. Memorias Seminario internacional de la descentralización en Colombia
260 ## - PUBLICATION, DISTRIBUTION, ETC.
Place of publication, distribution, etc. Bogotá :
Name of publisher, distributor, etc. Departamento Nacional de Planeación,
Date of publication, distribution, etc. 2002
300 ## - PHYSICAL DESCRIPTION
Extent 4 volúmenes :
Other physical details gráficos ;
Dimensions 27 cm +
Accompanying material 1 cd
505 2# - FORMATTED CONTENTS NOTE
Miscellaneous information v. 4.
Title Memorias seminario internacional de la descentralización en Colombia 6 y 7 de mayo de 2002<br/>
650 14 - SUBJECT ADDED ENTRY--TOPICAL TERM
Topical term or geographic name entry element Descentralización administrativa
Geographic subdivision Colombia
9 (RLIN) 7680
650 14 - SUBJECT ADDED ENTRY--TOPICAL TERM
Topical term or geographic name entry element Administración municipal
Geographic subdivision Colombia
9 (RLIN) 9327
942 ## - ADDED ENTRY ELEMENTS (KOHA)
Source of classification or shelving scheme Dewey Decimal Classification
Koha item type Books
Existencias
Withdrawn status Lost status Source of classification or shelving scheme Damaged status Not for loan Collection code Home library Current library Date acquired Source of acquisition Full call number Barcode Date last seen Copy number Koha item type
    Dewey Decimal Classification     Non-fiction Biblioteca Pública José María del Castillo y Rada Biblioteca Pública José María del Castillo y Rada 12/12/2017 Donación 352.283 / S471e 201808767 05/16/2024 V.4 / Ej.1 Books